Taylor Swift Quiz - Statistics

General Stats
  • This quiz has been taken 360 times
  • The average score is 7 of 15
Answer Stats
Hint Answer % Correct
Her lucky number 13
100%
The month and year she was born December 1989
81%
The type of farm she grew up on Christmas Tree
75%
Her first ever song to be released Tim McGraw
75%
The man she's been with since late 2016 Joe Alwyn
74%
The singer she collaborates with most often Ed Sheeran
64%
Her first cat's full name Meredith Grey
54%
The occupation of her grandmother Marjorie Opera Singer
33%
Her best friend since high school (include surname) Abigail Anderson
25%
The video where people somehow mistook a bodysuit for actually being naked Ready For It
22%
Her first and as yet only UK number 1 song Look What You Made Me Do
18%
The first full song she ever wrote Lucky You
15%
Her favourite dessert Cheesecake
11%
The song that was inspired by dreams that she was going through the same thing as in Someone Great Death By A Thousand Cuts
10%
What she says is the most rebellious thing she did as a teen Blasting Joe Jonas
3%
No matching quizzes found
Score Distribution
Percent of People with Each Score
Percentile by Number Answered
Your Score History
You have not taken this quiz